00707nam a2200193 a 450000100100000000500170001000800410002702000150006804000250008308200150010810000340012324500440015725000110020126000490021230000210026159000260028295201880030899900170049600003481820200930073925.0111020s1980 ck r 000 0 spa d a8482770381 aDO-SdBNPbspacBNPHU axxxbR175a1 aRomán, Celso,d1947-96033714aLos amigos del hombre /cCelso Romám. a2a ed. aBogotá :bCarlos Valencia editores,c1980. a106 p. ;c21 cm. aInventariado, 2019/BT 001050718MOaGRbGRcHDd2011-10-20iLF1l0oxxx R175ap34818-10r2020-06-25w2020-06-25y1zPerteneció a la biblioteca personal de Juan Isidro Jiménez-Grullón.ZNo se presta c34309d34309